000
00324 a2200109 4500
001
ART_55509
005
20260410162048.0
008
260409a
245
1
0
_a
Bienes personales: adecuaciones positivas y negativas
100
1
_a
Santacruz, Lidia M.
773
0
_t
Impuestos
_g
- N° 118 (feb. 2022)
_w
REV45175
999
_c
35528
_d
35528